000 00659nam a2200205Ia 4500
001 14849
003 GE_BSU
008 181216s||||||||xx |||||||||||||| ||und||
040 _cGE_BSU
080 _a519.6
100 _aБелльман,Р. Дрейфус,С.
245 _aПрикладные задачи динамического программирования
245 _cПод.ред.А.А.Первозванного
260 _aМосква
260 _bНаука
260 _c1965
300 _a452стр.20см.
653 _aПрикладные задачи динамического программирования
942 _cBK
999 _c47971
_d47971